[Event "36 R.G.Nezhmetdinov Memorial"]
[Site ", "]
[Date "2014.06.05"]
[Round "6.33"]
[White "Davydov, Sergey P"]
[Black "Askerov, Marat"]
[Result "0-1"]
[WhiteElo "2252"]
[BlackElo "2085"]
[PlyCount "128"]
[EventDate "2014.??.??"]

1. d4 Nf6 2. c4 e6 3. Nf3 Bb4+ 4. Bd2 Qe7 5. a3 Bxd2+ 6. Qxd2 a5 7. Nc3 d6 8.
e4 e5 9. dxe5 dxe5 10. Nd5 Nxd5 11. cxd5 O-O 12. Qc3 Re8 13. h3 c6 14. Rd1 cxd5
15. Rxd5 Be6 16. Rxa5 Rxa5 17. Qxa5 Rc8 18. Qd2 Nd7 19. Be2 Nf6 20. Qe3 Rc2 21.
b4 Qc7 22. O-O Rc3 23. Qa7 Nxe4 24. Rd1 h6 25. Bd3 Rc1 26. Re1 f5 27. Rxc1
Qxc1+ 28. Kh2 Qf4+ 29. Kg1 Qc1+ 30. Kh2 Qf4+ 31. Kh1 Qc1+ 32. Ng1 Bd5 33. Bxe4
Bxe4 34. f3 Bd3 35. Qb8+ Kh7 36. Qxe5 Qxa3 37. Qd4 b5 38. h4 Qb3 39. Nh3 Qc4
40. Qd6 Bc2 41. Kh2 Qxh4 42. Qd2 Qc4 43. Nf4 Qc7 44. Kh1 Bb3 45. Qd4 Bc4 46.
Kg1 Qe7 47. Nh5 Qg5 48. Nf4 Qe7 49. Nh5 Qf7 50. Ng3 Qe6 51. Nh5 Qg6 52. Nf4 Qf7
53. Qc5 Qf6 54. Kf2 Qh4+ 55. g3 Qf6 56. Kg1 Qa1+ 57. Kh2 Qb2+ 58. Ng2 Qc2 59.
f4 Qd3 60. Ne3 Qe2+ 61. Kg1 Bd3 62. Nd5 Qd1+ 63. Kh2 Qh5+ 64. Kg1 Be4 0-1

[Event "36 R.G.Nezhmetdinov Memorial"]
[Site ", "]
[Date "2014.06.05"]
[Round "6.34"]
[White "Mamyrbay, Assad"]
[Black "Igonin, Temur"]
[Result "1/2-1/2"]
[WhiteElo "2078"]
[BlackElo "2215"]
[PlyCount "49"]
[EventDate "2014.??.??"]

1. e4 e5 2. Nf3 Nc6 3. Bb5 g6 4. d4 exd4 5. Bg5 Be7 6. Bxe7 Qxe7 7. Bxc6 dxc6
8. Qxd4 Nf6 9. Nc3 Be6 10. O-O-O O-O 11. e5 Nd7 12. Ne4 Bd5 13. Nf6+ Nxf6 14.
exf6 Qe4 15. Qxe4 Bxe4 16. Rd7 Bxf3 17. gxf3 Rae8 18. Rxc7 Re6 19. Rxb7 Rxf6
20. Rb3 Re8 21. Kd2 Re5 22. Re3 Rd5+ 23. Ke2 Rfd6 24. Rd3 Re6+ 25. Re3 1/2-1/2

[Event "36 R.G.Nezhmetdinov Memorial"]
[Site ", "]
[Date "2014.06.05"]
[Round "6.35"]
[White "Korovin, Mikhail"]
[Black "Ioffe, Dmitry"]
[Result "0-1"]
[WhiteElo "2197"]
[BlackElo "2077"]
[PlyCount "118"]
[EventDate "2014.??.??"]

1. d4 Nf6 2. Nf3 b6 3. c4 Bb7 4. Nc3 e6 5. a3 d5 6. cxd5 exd5 7. Qa4+ c6 8. Bg5
Be7 9. e3 O-O 10. Bd3 h6 11. Bf4 Nbd7 12. g4 c5 13. Bf5 Re8 14. O-O-O a6 15.
dxc5 Nxc5 16. Qc2 Bd6 17. g5 hxg5 18. Bxg5 d4 19. exd4 Bxf3 20. dxc5 bxc5 21.
Ne4 Rxe4 22. Bxe4 Bxe4 23. Qxe4 Nxe4 24. Bxd8 Rxd8 25. Rhf1 Ng5 26. Kc2 Ne6 27.
Kc3 Be5+ 28. Kc2 Nd4+ 29. Kd3 Rb8 30. f4 Bf6 31. Rf2 Nf5 32. Rdd2 Bd4 33. Rfe2
a5 34. Ke4 g6 35. Kd5 Ne3+ 36. Kc6 Nc4 37. Rc2 Nxb2 38. h4 Nd3 39. f5 gxf5 40.
Rg2+ Kh7 41. Rg5 f4 42. Rcg2 Kh6 43. Rf5 f3 44. Rg3 Rb1 45. Kd5 f2 46. Rxf7
f1=Q 47. Rxf1 Rxf1 48. Rxd3 Re1 49. Kc4 Re3 50. Rd1 Rxa3 51. Rf1 Ra1 52. Rf7 a4
53. Ra7 a3 54. Ra6+ Kh5 55. Kb3 Kxh4 56. Rg6 Rg1 57. Rh6+ Kg5 58. Rh3 Re1 59.
Rh7 Re3+ 0-1

[Event "36 R.G.Nezhmetdinov Memorial"]
[Site ", "]
[Date "2014.06.05"]
[Round "6.36"]
[White "Lomasov, Semen"]
[Black "Fedotov, Nikita"]
[Result "1-0"]
[WhiteElo "2188"]
[BlackElo "2017"]
[PlyCount "79"]
[EventDate "2014.??.??"]

1. e4 c5 2. Nf3 e6 3. d4 cxd4 4. Nxd4 Nf6 5. Nc3 d6 6. Be3 Be7 7. g3 O-O 8. Bg2
a6 9. O-O Qc7 10. f4 Nc6 11. Nb3 b5 12. a3 Bb7 13. g4 Nd7 14. g5 Rfe8 15. Qg4
Bf8 16. Rad1 b4 17. axb4 Nxb4 18. Rd2 Rac8 19. Qh4 g6 20. Rf3 Bg7 21. Rh3 Nf8
22. f5 exf5 23. exf5 Bxg2 24. Rxg2 Bxc3 25. bxc3 Nd5 26. Bd4 Qe7 27. Rf2 Qe1+
28. Kg2 Qe4+ 29. Qxe4 Rxe4 30. Rhf3 Rg4+ 31. Kf1 Rxg5 32. fxg6 fxg6 33. c4 Nb4
34. c5 d5 35. Be3 Re5 36. Bh6 Rce8 37. Nd4 Nd7 38. Rf7 Re4 39. Rg7+ Kh8 40.
Rxd7 1-0

[Event "36 R.G.Nezhmetdinov Memorial"]
[Site ", "]
[Date "2014.06.05"]
[Round "6.37"]
[White "Murtazin, Bulat"]
[Black "Zhdanov, Petr"]
[Result "1-0"]
[WhiteElo "2176"]
[BlackElo "2021"]
[PlyCount "51"]
[EventDate "2014.??.??"]

1. d4 Nf6 2. c4 e6 3. Nf3 d5 4. Nc3 Bb4 5. cxd5 exd5 6. Bg5 O-O 7. Qc2 c5 8. e3
b6 9. Bd3 h6 10. Bh4 Ba6 11. O-O Bxd3 12. Qxd3 c4 13. Qf5 Qd7 14. Qc2 Nc6 15.
Bxf6 gxf6 16. Ne2 Bd6 17. Nh4 Ne7 18. Ng3 Kh8 19. Qe2 Kh7 20. Qh5 Rg8 21. Qxf7+
Rg7 22. Qxf6 Rag8 23. Kh1 Rg5 24. Nh5 Qc7 25. f4 Rg4 26. Qe6 1-0

[Event "36 R.G.Nezhmetdinov Memorial"]
[Site ", "]
[Date "2014.06.05"]
[Round "6.38"]
[White "Fakhrutdinov, Timur"]
[Black "Kozina, Anastasia"]
[Result "1-0"]
[WhiteElo "2161"]
[BlackElo "1886"]
[PlyCount "63"]
[EventDate "2014.??.??"]

1. e4 e6 2. d4 d5 3. Nd2 Be7 4. Ngf3 Nf6 5. e5 Nfd7 6. Bd3 c5 7. c3 b6 8. Qe2
a5 9. a4 Ba6 10. Bb5 Bxb5 11. axb5 Nf8 12. O-O Nbd7 13. Rd1 Ng6 14. Nf1 O-O 15.
g3 Re8 16. Ne3 c4 17. h4 Bf8 18. Kg2 Ne7 19. Qc2 g6 20. h5 Bg7 21. hxg6 hxg6
22. Ng4 Nf5 23. Bg5 Qc7 24. Rh1 Rf8 25. Nf6+ Nxf6 26. exf6 Bh8 27. Rxh8+ Kxh8
28. Rh1+ Kg8 29. Qxf5 gxf5 30. Bh6 Kh7 31. Bg7+ Kg6 32. Rh6# 1-0

[Event "36 R.G.Nezhmetdinov Memorial"]
[Site ", "]
[Date "2014.06.05"]
[Round "6.39"]
[White "Nizamov, Bulat"]
[Black "Pershin, Denis"]
[Result "0-1"]
[WhiteElo "2005"]
[BlackElo "2157"]
[PlyCount "120"]
[EventDate "2014.??.??"]

1. d4 Nf6 2. c4 e6 3. Nf3 b6 4. a3 c5 5. Nc3 cxd4 6. Nxd4 Bb7 7. Ndb5 d6 8. Bg5
a6 9. Bxf6 gxf6 10. Nd4 f5 11. e3 Rg8 12. Qh5 Qf6 13. O-O-O Nd7 14. Bd3 Ne5 15.
Bc2 O-O-O 16. Qe2 Rxg2 17. Na4 Qh4 18. Rhf1 Kc7 19. Kb1 Be4 20. Rc1 Kb7 21. Ka1
Rc8 22. Bxe4+ Qxe4 23. Rc3 Nc6 24. Nb3 Bg7 25. Rcc1 Ne5 26. Nd4 Nd3 27. Rcd1
Bxd4 28. Rxd3 Rxc4 29. Rxd4 Rxd4 30. Nc3 Qg4 31. exd4 Qxe2 32. Nxe2 Rxh2 33.
Kb1 e5 34. Ng3 f4 35. Ne4 Kc6 36. Rc1+ Kd5 37. Nc3+ Ke6 38. d5+ Ke7 39. Rf1 f3
40. Kc2 f5 41. Kd3 Kf6 42. Ke3 e4 43. Nxe4+ fxe4 44. Kxe4 Rh4+ 45. Kxf3 Ke5 46.
Rd1 h5 47. Ke3 Re4+ 48. Kf3 Rd4 49. Rh1 h4 50. Rc1 Rf4+ 51. Ke3 h3 52. Rh1 Rh4
53. f4+ Kxd5 54. Kf3 h2 55. b4 b5 56. Kg3 Rh8 57. Rxh2 Rxh2 58. Kxh2 Ke4 59.
Kg3 d5 60. Kg4 d4 0-1

[Event "36 R.G.Nezhmetdinov Memorial"]
[Site ", "]
[Date "2014.06.05"]
[Round "6.40"]
[White "Pushkin, Eduard"]
[Black "Matskevich, Ivan"]
[Result "1-0"]
[WhiteElo "2150"]
[BlackElo "2009"]
[PlyCount "115"]
[EventDate "2014.??.??"]

1. d4 Nf6 2. Nf3 c5 3. d5 e6 4. c4 exd5 5. cxd5 d6 6. Nc3 g6 7. g3 Bg7 8. Bg2
O-O 9. O-O a6 10. a4 Re8 11. a5 Nbd7 12. Nd2 Ne5 13. h3 Nh5 14. Qb3 Qe7 15. Nc4
Nxc4 16. Qxc4 Be5 17. Bd2 Ng7 18. Rab1 Bd7 19. Rfe1 Nf5 20. e3 Rac8 21. b3 Qd8
22. b4 h5 23. Rec1 Re7 24. Qb3 c4 25. Qd1 Bb5 26. Be1 Bg7 27. Ne2 Be5 28. Bc3
Re8 29. Bxe5 dxe5 30. e4 Nd6 31. Nc3 f6 32. h4 Bd7 33. Kh2 Rc7 34. Qd2 Kg7 35.
Rb2 Rf8 36. Nd1 Bb5 37. Kg1 Qd7 38. Qe3 Rfc8 39. Kh2 Qe7 40. Bh3 Bd7 41. Bxd7
Qxd7 42. Nc3 Nb5 43. Nxb5 axb5 44. Rc3 Ra8 45. f4 Qd6 46. Qf3 b6 47. axb6 Qxb6
48. Rf2 Qd6 49. f5 Qxb4 50. fxg6 Qd6 51. Qxh5 Rh8 52. Qe2 Kxg6 53. Qg4+ Kf7 54.
Rcf3 Rh6 55. h5 c3 56. Qg5 c2 57. Qxh6 c1=Q 58. Rxf6+ 1-0

[Event "36 R.G.Nezhmetdinov Memorial"]
[Site ", "]
[Date "2014.06.05"]
[Round "6.41"]
[White "Mingatin, Mars"]
[Black "Ovchinnikov, Vsevolod"]
[Result "0-1"]
[WhiteElo "2004"]
[BlackElo "2135"]
[PlyCount "76"]
[EventDate "2014.??.??"]

1. d4 d5 2. Nf3 Nf6 3. c4 c6 4. e3 a6 5. h3 b5 6. b3 Bf5 7. Be2 Nbd7 8. O-O e6
9. Nbd2 Bd6 10. Bb2 Qb8 11. c5 Bc7 12. Nh4 Ne4 13. Nxe4 Bxe4 14. f3 Bg6 15.
Nxg6 hxg6 16. e4 Bf4 17. e5 Qd8 18. Bc1 Qg5 19. Bxf4 Qxf4 20. Kf2 f6 21. g3 Qh6
22. exf6 gxf6 23. Qd3 Kf7 24. Rh1 e5 25. b4 Rae8 26. a4 Re7 27. axb5 axb5 28.
Ra6 Rhe8 29. f4 exf4 30. Bg4 f5 31. Bf3 fxg3+ 32. Kxg3 Re3 33. Qd1 Rxf3+ 34.
Kxf3 Re3+ 35. Kg2 Qg5+ 36. Kf2 Qf4+ 37. Kg2 Rg3+ 38. Kh2 Qf2# 0-1

[Event "36 R.G.Nezhmetdinov Memorial"]
[Site ", "]
[Date "2014.06.05"]
[Round "6.43"]
[White "Teimurov, Artur"]
[Black "Mirzanurov, Bulat"]
[Result "1/2-1/2"]
[WhiteElo "1934"]
[BlackElo "2195"]
[PlyCount "81"]
[EventDate "2014.??.??"]

1. Nf3 c5 2. c4 g6 3. Nc3 Bg7 4. g3 Nc6 5. Bg2 e6 6. O-O Nge7 7. d3 O-O 8. Bd2
d5 9. Qc1 b6 10. Bh6 d4 11. Bxg7 Kxg7 12. Ne4 e5 13. h4 f5 14. Neg5 Qc7 15. h5
h6 16. Nh3 gxh5 17. Nh4 f4 18. Kh2 Bg4 19. Be4 fxg3+ 20. fxg3 Bxe2 21. Nf5+
Nxf5 22. Rxf5 Rxf5 23. Bxf5 Rf8 24. Be4 Rf1 25. Qxf1 Bxf1 26. Rxf1 Ne7 27. Ng1
Ng8 28. Nf3 Nf6 29. Re1 b5 30. b3 Qa5 31. Bd5 Qxa2+ 32. Kh3 Nxd5 33. cxd5 Qf2
34. Rxe5 Qxf3 35. Kh2 Qxd3 36. d6 Qd2+ 37. Kh3 Kf6 38. d7 Kxe5 39. d8=Q c4 40.
Qe7+ Kd5 41. Qb7+ 1/2-1/2

[Event "36 R.G.Nezhmetdinov Memorial"]
[Site ", "]
[Date "2014.06.05"]
[Round "6.45"]
[White "Galimov, Ildus"]
[Black "Mischeryakov, Alexey"]
[Result "1-0"]
[WhiteElo "1926"]
[BlackElo "1945"]
[PlyCount "65"]
[EventDate "2014.??.??"]

1. d4 Nf6 2. Nc3 d5 3. Bg5 e6 4. e4 Be7 5. e5 Nfd7 6. Bxe7 Qxe7 7. f4 a6 8. Nf3
c5 9. Be2 Nc6 10. Qd2 b5 11. O-O cxd4 12. Nxd4 Qc5 13. Rad1 Nb6 14. Kh1 Nxd4
15. Qxd4 Qxd4 16. Rxd4 Bd7 17. f5 Rc8 18. fxe6 Bxe6 19. a4 Rxc3 20. bxc3 Nxa4
21. Rd3 Ke7 22. Rg3 g6 23. Bg4 Rc8 24. Bxe6 Kxe6 25. Re3 Nxc3 26. Rf6+ Ke7 27.
Rxa6 Ne4 28. Re2 Rc4 29. Rb6 Rb4 30. g3 Kf8 31. Rb7 Rc4 32. Rxb5 Kg7 33. Rb7
1-0

[Event "36 R.G.Nezhmetdinov Memorial"]
[Site ", "]
[Date "2014.06.05"]
[Round "6.46"]
[White "Sadykov, Airat F"]
[Black "Mardakhaev, Semen"]
[Result "1-0"]
[WhiteElo "2106"]
[BlackElo "1917"]
[PlyCount "99"]
[EventDate "2014.??.??"]

1. e4 c5 2. Nf3 g6 3. d4 cxd4 4. Nxd4 Nf6 5. Nc3 Nc6 6. Be3 Bg7 7. f3 O-O 8.
Qd2 d5 9. exd5 Nb4 10. O-O-O Nbxd5 11. Nxd5 Nxd5 12. Bh6 e5 13. Bxg7 Kxg7 14.
Nb3 Be6 15. Nc5 Qc7 16. Nxe6+ fxe6 17. Bd3 a5 18. Rhe1 Nb4 19. a3 Nc6 20. Qe3
a4 21. h4 Rf4 22. h5 Qe7 23. hxg6 hxg6 24. g3 Rff8 25. Bb5 Rf5 26. g4 Rg5 27.
Bxc6 bxc6 28. Qc3 Qc7 29. Rd3 Rd8 30. Rxd8 Qxd8 31. Qxc6 Qd5 32. Qxd5 exd5 33.
b3 Kf6 34. bxa4 e4 35. fxe4 Rxg4 36. exd5 Rxa4 37. Kb2 Rd4 38. Rf1+ Ke5 39. Rg1
Kf5 40. Kb3 Rxd5 41. c4 Rd8 42. c5 g5 43. Kc4 Ra8 44. Ra1 g4 45. c6 g3 46. Kc5
Ke6 47. c7 g2 48. Kb6 Kd6 49. Rd1+ Ke7 50. Kb7 1-0

[Event "36 R.G.Nezhmetdinov Memorial"]
[Site ", "]
[Date "2014.06.05"]
[Round "6.47"]
[White "Sadykov, Renat"]
[Black "Kavyev, Emil"]
[Result "0-1"]
[WhiteElo "2069"]
[BlackElo "1771"]
[PlyCount "64"]
[EventDate "2014.??.??"]

1. e4 e5 2. Nf3 Nc6 3. d4 exd4 4. Nxd4 Bc5 5. Nb3 Bb6 6. Nc3 Qf6 7. f4 Nge7 8.
Qf3 d6 9. Be3 h5 10. h3 Be6 11. Bd3 Ng6 12. g3 Nge5 13. Qe2 Nxd3+ 14. Qxd3
O-O-O 15. O-O-O Rhe8 16. Bxb6 axb6 17. h4 Bg4 18. Rd2 Qg6 19. Qc4 Bf3 20. Rf1
Bxe4 21. Qa4 Nb8 22. Qa8 Bc6 23. Nd4 Qxg3 24. Ncb5 Re1+ 25. Rxe1 Qxe1+ 26. Rd1
Qe3+ 27. Kb1 Kd7 28. a4 Qxf4 29. a5 Bxb5 30. Nxb5 Qc4 31. Na7 Qa6 32. axb6 Nc6
0-1

[Event "36 R.G.Nezhmetdinov Memorial"]
[Site ", "]
[Date "2014.06.05"]
[Round "6.48"]
[White "Bakunin, Damir"]
[Black "Zhanazarov, Iskander"]
[Result "1-0"]
[WhiteElo "1992"]
[BlackElo "1764"]
[PlyCount "51"]
[EventDate "2014.??.??"]

1. e4 c6 2. d4 g6 3. Nf3 Bg7 4. Bd3 d5 5. e5 h5 6. Ng5 e6 7. Nc3 Nh6 8. Ne2 O-O
9. O-O b6 10. Nh3 Bb7 11. Bg5 Qd7 12. Qd2 Kh7 13. Nhf4 Nf5 14. f3 Kg8 15. g4
hxg4 16. fxg4 Ne7 17. Ng2 c5 18. Bf6 cxd4 19. Rf3 g5 20. Qxg5 Ng6 21. Bxg7 Kxg7
22. Qf6+ Kg8 23. Bxg6 Nc6 24. Bh7+ Kxh7 25. Rh3+ Kg8 26. Rh8# 1-0

[Event "36 R.G.Nezhmetdinov Memorial"]
[Site ", "]
[Date "2014.06.05"]
[Round "6.49"]
[White "Kavyev, Ruslan"]
[Black "Kleimenov, Ivan"]
[Result "0-1"]
[WhiteElo "1880"]
[BlackElo "1526"]
[PlyCount "90"]
[EventDate "2014.??.??"]

1. e4 e5 2. Nf3 Nc6 3. Bb5 a6 4. Ba4 Nf6 5. O-O Be7 6. Re1 b5 7. Bb3 O-O 8. d4
exd4 9. e5 Ng4 10. h3 Nh6 11. Bxh6 gxh6 12. c3 Kh8 13. Qd3 Rg8 14. Bxf7 Rg7 15.
Bd5 dxc3 16. bxc3 Bb7 17. Nd4 Nb4 18. cxb4 Bxd5 19. f3 Bxb4 20. Nc3 Bc4 21. Qc2
Qg5 22. Ne4 Qxe5 23. Red1 Bc5 24. Nxc5 Qxc5 25. Kh1 Rf8 26. Rd2 Qh5 27. Re1 Qg6
28. Qc3 Qg3 29. Re3 c5 30. Nf5 Rxf5 31. Re8+ Bg8 32. Rde2 Rh5 33. Kg1 Rxh3 34.
Qe5 Qxe5 35. R2xe5 Rxf3 36. Rxc5 Ra3 37. Rc2 d5 38. Rd2 Rg5 39. Rc2 d4 40. Kf2
Kg7 41. Re7+ Kg6 42. Rd7 Rxa2 43. Rd6+ Kh5 44. Rxa2 Bxa2 45. Rxa6 Bc4 0-1

[Event "36 R.G.Nezhmetdinov Memorial"]
[Site ", "]
[Date "2014.06.05"]
[Round "6.50"]
[White "Faizrakhmanov, Ildar"]
[Black "Bubnov, Kirill"]
[Result "1-0"]
[WhiteElo "1721"]
[BlackElo "1871"]
[PlyCount "117"]
[EventDate "2014.??.??"]

1. e4 e6 2. d4 d5 3. Nc3 Bb4 4. e5 Bxc3+ 5. bxc3 c5 6. Nf3 Qc7 7. Be2 Ne7 8.
O-O O-O 9. Bd3 Ng6 10. h4 c4 11. Bxg6 fxg6 12. Ba3 Rf5 13. Qd2 h6 14. Nh2 Nc6
15. g4 Rf7 16. Kg2 Qd8 17. Kg3 Ne7 18. Nf3 Bd7 19. Rh1 Ba4 20. Rh3 Qd7 21. Rah1
Raf8 22. Kg2 Rf4 23. Rg3 Qe8 24. Qe2 Qf7 25. Bc1 Re4 26. Be3 Nc6 27. Rc1 Qe7
28. Nd2 Rxe3 29. Qxe3 Qxh4 30. g5 hxg5 31. Qxg5 Qxg5 32. Rxg5 Kf7 33. Rg3 Ne7
34. Nf3 Nf5 35. Ng5+ Ke7 36. Rh3 Nh6 37. Nf3 Rf4 38. Nh2 Re4 39. Re3 Rf4 40.
Nf1 Nf5 41. Rh3 Nh4+ 42. Kg3 g5 43. Nh2 Kf7 44. f3 Nf5+ 45. Kf2 Kg6 46. Ng4 Nh4
47. Ne3 Nf5 48. Ng2 a6 49. Nxf4+ gxf4 50. Rg1+ Kf7 51. Rg4 Bxc2 52. Rxf4 b5 53.
Rxf5+ Bxf5 54. Rh8 b4 55. cxb4 c3 56. Rc8 c2 57. Ke3 Kg6 58. a4 Kg5 59. b5 1-0

[Event "36 R.G.Nezhmetdinov Memorial"]
[Site ", "]
[Date "2014.06.05"]
[Round "6.51"]
[White "Kurninov, Andrei"]
[Black "Tukaeva, Adelya"]
[Result "0-1"]
[WhiteElo "1708"]
[BlackElo "1796"]
[PlyCount "84"]
[EventDate "2014.??.??"]

1. e4 c5 2. Nf3 d6 3. d4 cxd4 4. Nxd4 Nf6 5. Nc3 g6 6. g3 Bg7 7. Bg2 O-O 8. O-O
Nc6 9. Nde2 Bd7 10. h3 h5 11. Be3 Ne5 12. Nd5 Nxd5 13. exd5 Nc4 14. Bd4 Nxb2
15. Qb1 Bxd4 16. Nxd4 Qb6 17. c3 Na4 18. Qe1 Rfe8 19. Qe3 Kg7 20. Rab1 Qc7 21.
Rfc1 a6 22. Qg5 Rac8 23. Be4 Nc5 24. Bf5 e6 25. dxe6 Nxe6 26. Nxe6+ Bxe6 27.
Be4 b5 28. a4 Bxh3 29. Bd3 Qc6 30. Bf1 Bxf1 31. Rxf1 Qxc3 32. axb5 Rc5 33. Qf4
Rxb5 34. Ra1 a5 35. Qxd6 Rbe5 36. Qb6 R8e6 37. Qd8 Re8 38. Qb6 h4 39. gxh4 Re1
40. Rxa5 Qc4 41. Qb2+ Kh7 42. Ra1 Qxf1+ 0-1

[Event "36 R.G.Nezhmetdinov Memorial"]
[Site "Kazan"]
[Date "2014.06.06"]
[Round "7.1"]
[White "Kokarev, Dmitry"]
[Black "Rozum, Ivan"]
[Result "1-0"]
[WhiteElo "2628"]
[BlackElo "2535"]
[PlyCount "105"]
[EventDate "2014.??.??"]

1. e4 c6 2. d4 d5 3. Nc3 dxe4 4. Nxe4 Bf5 5. Ng3 Bg6 6. h4 h6 7. Nf3 e6 8. Ne5
Bh7 9. Bd3 Bxd3 10. Qxd3 Nd7 11. Bf4 Qa5+ 12. c3 Nxe5 13. Bxe5 Nf6 14. Ne4 Nxe4
15. Qxe4 Qd5 16. Qxd5 cxd5 17. h5 Rc8 18. a4 Rc6 19. Kd2 f6 20. Bf4 Kf7 21.
Rhe1 Be7 22. Kd3 Rhc8 23. f3 Ra6 24. Rec1 Rc4 25. b3 Rc8 26. Be3 Rac6 27. c4
Rb6 28. Rab1 Ba3 29. Rc2 dxc4+ 30. Rxc4 Rxc4 31. Kxc4 Rc6+ 32. Kd3 Be7 33. Rc1
Rb6 34. Rc3 Ke8 35. Kc2 Rd6 36. Rc8+ Bd8 37. Rb8 Rd7 38. d5 Rc7+ 39. Kd3 Rd7
40. Bxa7 Rxd5+ 41. Kc4 Rxh5 42. Bb6 Rd5 43. Bxd8 Rxd8 44. Rxb7 Rd7 45. Rxd7
Kxd7 46. a5 h5 47. b4 g5 48. b5 g4 49. fxg4 hxg4 50. a6 Kc7 51. Kc5 e5 52. b6+
Kb8 53. Kc6 1-0

[Event "36 R.G.Nezhmetdinov Memorial"]
[Site "Kazan"]
[Date "2014.06.06"]
[Round "7.2"]
[White "Savchenko, Boris"]
[Black "Timofeev, Artyom"]
[Result "1/2-1/2"]
[WhiteElo "2559"]
[BlackElo "2603"]
[PlyCount "83"]
[EventDate "2014.??.??"]

1. e4 c5 2. Nf3 Nc6 3. c3 Nf6 4. e5 Nd5 5. Bc4 Nb6 6. Bb3 d5 7. exd6 Qxd6 8. d4
cxd4 9. O-O Be6 10. Bxe6 Qxe6 11. Nxd4 Nxd4 12. Qxd4 Rd8 13. Qf4 g6 14. Be3 Bg7
15. Na3 O-O 16. Rfe1 Nd5 17. Qc4 a6 18. Bd4 Qf5 19. Bxg7 Kxg7 20. Qd4+ f6 21.
c4 e5 22. Qa7 Nf4 23. Qxb7+ Rf7 24. Qf3 Rd3 25. Re3 Rd2 26. c5 Rxb2 27. h3 e4
28. Qg4 Rxf2 29. Qxf5 Rxg2+ 30. Kh1 gxf5 31. Nc4 Rc2 32. Nd6 Rxc5 33. Rg1+ Kf8
34. Nxf7 Kxf7 35. Ra3 a5 36. Rb3 h5 37. a4 Rc4 38. Rf1 Nd3 39. Rxf5 e3 40. Rxd3
e2 41. Re3 Kg6 42. Rxa5 1/2-1/2

[Event "36 R.G.Nezhmetdinov Memorial"]
[Site "Kazan"]
[Date "2014.06.06"]
[Round "7.3"]
[White "Yudin, Sergei"]
[Black "Andriasian, Zaven"]
[Result "0-1"]
[WhiteElo "2546"]
[BlackElo "2611"]
[PlyCount "78"]
[EventDate "2014.??.??"]

1. c4 e5 2. Nc3 Nc6 3. g3 g6 4. Bg2 Bg7 5. e3 d6 6. Nge2 Nf6 7. d3 Be6 8. O-O
O-O 9. b3 d5 10. Ba3 Re8 11. cxd5 Nxd5 12. Rc1 a5 13. Na4 Ncb4 14. Qd2 b6 15.
Rfd1 c5 16. d4 exd4 17. exd4 Bg4 18. Re1 Rc8 19. Bxb4 Nxb4 20. d5 Bf5 21. Nec3
Rxe1+ 22. Rxe1 Nc2 23. Rf1 Nd4 24. Ne2 h5 25. Nac3 Qe7 26. Re1 Nxe2+ 27. Nxe2
Re8 28. h4 Kh7 29. d6 Qd7 30. Nf4 Rxe1+ 31. Qxe1 Qxd6 32. Qe8 Qd7 33. Qb8 b5
34. Bf1 b4 35. Bg2 Qe7 36. Qb5 Qe1+ 37. Kh2 Bd4 38. Qc4 Kg7 39. Nh3 Bxf2 0-1

[Event "36 R.G.Nezhmetdinov Memorial"]
[Site "Kazan"]
[Date "2014.06.06"]
[Round "7.4"]
[White "Rychagov, Andrey"]
[Black "Ponkratov, Pavel"]
[Result "1/2-1/2"]
[WhiteElo "2535"]
[BlackElo "2595"]
[PlyCount "217"]
[EventDate "2014.??.??"]

1. d4 d5 2. c4 c6 3. cxd5 cxd5 4. Bf4 Nc6 5. e3 Nf6 6. Nc3 Bg4 7. Qb3 Na5 8.
Qa4+ Bd7 9. Qc2 Rc8 10. Bd3 e6 11. Nf3 b5 12. a3 Be7 13. Ne5 Nc4 14. Qe2 a6 15.
O-O O-O 16. a4 Be8 17. Rfc1 Nd7 18. Nf3 Ndb6 19. axb5 axb5 20. b3 b4 21. bxc4
dxc4 22. Be4 bxc3 23. Bb7 Nd5 24. Bg3 f5 25. Bxc8 Qxc8 26. Ne5 g5 27. h3 Bf6
28. f3 f4 29. exf4 gxf4 30. Be1 Qc7 31. Bxc3 Bxe5 32. Qxe5 Qxe5 33. dxe5 Bg6
34. Ra6 Re8 35. Bd4 Bd3 36. Rc6 Kf7 37. Ra1 Re7 38. Kh2 Nb4 39. Rd6 Nd5 40.
Rda6 Bf5 41. R1a5 Bd3 42. Ra7 Rxa7 43. Rxa7+ Kg6 44. Ra8 Kg5 45. Rg8+ Bg6 46.
Rc8 Bd3 47. Kg1 Kg6 48. Kf2 Kg5 49. Ke1 Kg6 50. Kd2 Bf1 51. Rg8+ Kf7 52. Rc8
Bxg2 53. Ke2 Bxh3 54. Rxc4 Bf5 55. Bb2 Kg6 56. Bc1 Kg5 57. Rc8 h5 58. Rg8+ Kh6
59. Bd2 h4 60. Kf2 h3 61. Kg1 Kh7 62. Ra8 Kg6 63. Kh2 Bd3 64. Kxh3 Kf5 65. Rf8+
Kxe5 66. Kg4 Nf6+ 67. Kh4 Nd5 68. Kg5 Bf5 69. Rd8 Bc2 70. Rf8 Bf5 71. Bc1 Kd4
72. Bxf4 Bc2 73. Bc1 Bf5 74. Ra8 Kc4 75. Ra2 Kd4 76. Re2 Kc5 77. Bb2 Kc4 78.
Rd2 Bd3 79. Be5 Bf5 80. Rd4+ Kc5 81. Rh4 Bd3 82. Rh1 Kc6 83. Rc1+ Kd7 84. Ra1
Kc6 85. Kh6 Bf5 86. Kg7 Nb4 87. Rc1+ Kd5 88. Kf6 Nd3 89. Ra1 Kc4 90. Bg3 Kd4
91. Kg5 Ke3 92. f4 Kf3 93. Bh4 Nc5 94. Ra3+ Nd3 95. Be1 Ke3 96. Ba5 Kf3 97. Bc7
Ke3 98. Kh4 Kf3 99. Bd6 Kf2 100. Kg5 Kf3 101. Kf6 Ke3 102. Ke7 Kf3 103. Ra4 Nb2
104. Ra3+ Nd3 105. Be5 Ke4 106. Kd6 Ke3 107. Ra4 Kf3 108. Kc6 Be4+ 109. Kd6
1/2-1/2

[Event "36 R.G.Nezhmetdinov Memorial"]
[Site "Kazan"]
[Date "2014.06.06"]
[Round "7.5"]
[White "Tunik, Gennady"]
[Black "Lintchevski, Daniil"]
[Result "0-1"]
[WhiteElo "2430"]
[BlackElo "2546"]
[PlyCount "122"]
[EventDate "2014.??.??"]

1. d4 Nf6 2. c4 e6 3. Nf3 d5 4. Nc3 dxc4 5. Qa4+ c6 6. Qxc4 b5 7. Qd3 Bb7 8. g3
c5 9. Qxb5+ Bc6 10. Qc4 cxd4 11. Nb1 Qd5 12. Qxd5 Bxd5 13. Bg2 Nc6 14. O-O e5
15. e3 Bc5 16. exd4 Nxd4 17. Nxd4 Bxd4 18. Nd2 Rd8 19. Bxd5 Rxd5 20. Rb1 O-O
21. b3 Rc8 22. Nc4 Ne4 23. Bb2 f6 24. Kg2 Rcd8 25. Rfe1 Nc5 26. Re2 Bxb2 27.
Rbxb2 Nd3 28. Rbc2 Nb4 29. Rc3 Rd3 30. Rc1 Rd1 31. Rxd1 Rxd1 32. a3 Nc6 33. Rd2
Rxd2 34. Nxd2 Nd4 35. b4 Kf7 36. Nb1 Ke6 37. Nc3 Kd6 38. f4 exf4 39. gxf4 Kc6
40. a4 Nc2 41. b5+ Kb6 42. Kf3 f5 43. Ke2 Nd4+ 44. Kd3 Kc5 45. h4 g6 46. Kd2
Kc4 47. Na2 Nf3+ 48. Ke3 Nd4 49. Nc1 Nc2+ 50. Kd2 Nb4 51. Ne2 Nd5 52. h5 gxh5
53. Ng3 h4 54. Nxf5 h3 55. Ng3 Nxf4 56. Ke3 Ne6 57. Kf2 Kb4 58. Nf5 Kxa4 59.
Nd6 Nc7 60. Kg3 Nxb5 61. Nf5 Kb3 0-1

[Event "36 R.G.Nezhmetdinov Memorial"]
[Site "Kazan"]
[Date "2014.06.06"]
[Round "7.6"]
[White "Pogonina, Natalya"]
[Black "Dvoirys, Semen"]
[Result "0-1"]
[WhiteElo "2501"]
[BlackElo "2557"]
[PlyCount "92"]
[EventDate "2014.??.??"]

1. e4 c5 2. Nf3 d6 3. d4 cxd4 4. Nxd4 Nf6 5. Nc3 a6 6. Be2 e5 7. Nb3 Be7 8. O-O
Be6 9. Re1 Nbd7 10. Bf3 O-O 11. a4 Qc7 12. a5 Rfc8 13. Be3 Bd8 14. Qd2 Ng4 15.
Bxg4 Bxg4 16. Rec1 Be6 17. Rd1 Be7 18. f3 Qc6 19. Rac1 Qc4 20. Nd5 Bd8 21. Qf2
f5 22. Nb6 Nxb6 23. Bxb6 Bg5 24. Be3 Be7 25. exf5 Bxf5 26. Qd2 Be6 27. f4 Rf8
28. Rf1 Rac8 29. Qe1 Qb5 30. Qg3 Bf5 31. Rf2 Rxc2 32. Rfxc2 Bxc2 33. Rxc2 Qxb3
34. Rf2 d5 35. Bb6 Qc4 36. b3 Qc1+ 37. Rf1 Bc5+ 38. Bxc5 Qxc5+ 39. Kh1 Rxf4 40.
Rg1 Qxa5 41. Qh3 Qb6 42. Qd7 Qc6 43. Qe7 e4 44. h3 Rf8 45. Qg5 d4 46. Rc1 h6
0-1

[Event "36 R.G.Nezhmetdinov Memorial"]
[Site "Kazan"]
[Date "2014.06.06"]
[Round "7.8"]
[White "Danin, Alexandre"]
[Black "Kuderinov, Kirill"]
[Result "1/2-1/2"]
[WhiteElo "2594"]
[BlackElo "2442"]
[PlyCount "81"]
[EventDate "2014.??.??"]

1. e4 e5 2. Nf3 Nc6 3. d4 exd4 4. Nxd4 Bc5 5. Be3 Qf6 6. c3 Nge7 7. Bc4 b6 8.
Qd2 O-O 9. f4 d5 10. e5 Qg6 11. Bb5 a6 12. Ba4 Bf5 13. O-O Bxd4 14. cxd4 Na5
15. Nc3 f6 16. Bb3 Nxb3 17. axb3 h6 18. b4 fxe5 19. dxe5 Rfd8 20. Qf2 Nc6 21.
b5 d4 22. bxc6 dxe3 23. Qxe3 Rd3 24. Qf2 Rad8 25. Rxa6 Qxc6 26. Raa1 b5 27.
Rac1 Qg6 28. b4 Kh7 29. Rcd1 c6 30. Rxd3 Rxd3 31. Nd1 Be4 32. Re1 Rf3 33. Qd2
Rxf4 34. Nc3 Rg4 35. Nxe4 Rxe4 36. h3 Qf5 37. Rxe4 Qxe4 38. Qd6 Qe3+ 39. Kf1
Qf4+ 40. Ke2 Qe4+ 41. Kf2 1/2-1/2